Преобразование графовой модели представления конструкторской документации; Современные технологии и материалы новых поколений

Opis bibliograficzny
Parent link:Современные технологии и материалы новых поколений.— 2017.— [С. 166-167]
Korporacja: Российская академия наук (РАН) Уральское отделение (УрО) Институт физики металлов (ИФМ)
Kolejni autorzy: Гурьянов А. В., Шукалов А. В., Леоновец С. А., Жаринов И. О., Жаринов О. О.
Streszczenie:Заглавие с экрана
Język:rosyjski
Wydane: 2017
Seria:Функциональные материалы и покрытия
Hasła przedmiotowe:
Dostęp online:http://earchive.tpu.ru/handle/11683/43831
Format: Elektroniczne Rozdział
KOHA link:https://koha.lib.tpu.ru/cgi-bin/koha/opac-detail.pl?biblionumber=624088

MARC

LEADER 00000naa2a2200000 4500
001 624088
005 20231101133309.0
035 |a (RuTPU)RU\TPU\conf\23301 
035 |a RU\TPU\conf\23299 
090 |a 624088 
100 |a 20171031d2017 k y0rusy50 ca 
101 0 |a rus  |e rus 
102 |a RU 
105 |a y z 101zy 
135 |a drgn ---uucaa 
181 0 |a i  
182 0 |a b 
200 1 |a Преобразование графовой модели представления конструкторской документации  |f А. В. Гурьянов [и др.] 
203 |a Текст  |c электронный 
225 1 |a Функциональные материалы и покрытия 
230 |a 1 компьютерный файл (pdf; 349 Кб) 
300 |a Заглавие с экрана 
320 |a [Библиогр.: с. 167 (2 назв.)] 
463 0 |0 (RuTPU)RU\TPU\conf\23187  |t Современные технологии и материалы новых поколений  |o сборник трудов Международной конференции с элементами научной школы для молодежи, г. Томск, 9-13 октября 2017 г.  |f Национальный исследовательский Томский политехнический университет (ТПУ) ; Российская академия наук (РАН), Сибирское отделение (СО), Институт физики прочности и материаловедения (ИФПМ)  |v [С. 166-167]  |d 2017 
610 1 |a электронный ресурс 
610 1 |a преобразование 
610 1 |a графовые модели 
610 1 |a конструкторская документация 
610 1 |a технические изделия 
610 1 |a трудоемкость 
610 1 |a программное моделирование 
701 1 |a Гурьянов  |b А. В. 
701 1 |a Шукалов  |b А. В. 
701 1 |a Леоновец  |b С. А. 
701 1 |a Жаринов  |b И. О. 
701 1 |a Жаринов  |b О. О. 
712 0 2 |a Российская академия наук (РАН)  |b Уральское отделение (УрО)  |b Институт физики металлов (ИФМ)  |c (Екатеринбург)  |2 stltpush  |3 (RuTPU)RU\TPU\col\3280 
801 2 |a RU  |b 63413507  |c 20171103  |g RCR 
856 4 |u http://earchive.tpu.ru/handle/11683/43831 
942 |c BK